000 00267nam a2200109Ia 4500
008 190914s9999||||xx |||||||||||||| ||und||
100 _aShyam Dua
245 4 _aThe Luminous Life of Jawaharlal Nehru
260 _aNew York
_bAddison
_c2001
300 _a974
942 _cBK
999 _c8962
_d8962